Jsou již aktuální otázky bytové politiky?
Problematika riadenia bytovej politiky ČR. Tri ministerstvá podieľajúce sa na jej riadení. Nový návrh na riešenie tejto problematiky. Vládne prehlásenie k bytovej politike. Vytváranie trhu s bytmi, zákony upravujúce vzťahy k bytom a nebytovým priestorom. Zákon o stavebnom sporení. Úprava daňových ná...
Uložené v:
| Hlavný autor: | |
|---|---|
| Médium: | Kapitola |
| Jazyk: | Czech |
| Predmet: | |
| Tagy: |
Žiadne tagy, Buďte prvý, kto otaguje tento záznam!
|
MARC
| LEADER | 00000naa a2200000 4500 | ||
|---|---|---|---|
| 001 | r024028 | ||
| 005 | 20221205090607.7 | ||
| 041 | 0 | |a cze | |
| 044 | |a CZ | ||
| 245 | 1 | 0 | |a Jsou již aktuální otázky bytové politiky? |c J. Bláha |
| 520 | |a Problematika riadenia bytovej politiky ČR. Tri ministerstvá podieľajúce sa na jej riadení. Nový návrh na riešenie tejto problematiky. Vládne prehlásenie k bytovej politike. Vytváranie trhu s bytmi, zákony upravujúce vzťahy k bytom a nebytovým priestorom. Zákon o stavebnom sporení. Úprava daňových nástrojov na podporu bytovej politiky. Nedostatočná koncepcia vlády v bytovej politike. | ||
| 610 | 2 | 0 | |a politika bytová |
| 610 | 2 | 0 | |a Česko |
| 610 | 2 | 0 | |a byty |
| 610 | 2 | 0 | |a bývanie |
| 610 | 2 | 0 | |a výstavba bytová |
| 100 | 1 | |a Bláha, J. | |